<?xml version="1.0" encoding="UTF-8"?>
<record
    xmlns:xsi="http://www.w3.org/2001/XMLSchema-instance"
    xsi:schemaLocation="http://www.loc.gov/MARC21/slim http://www.loc.gov/standards/marcxml/schema/MARC21slim.xsd"
    xmlns="http://www.loc.gov/MARC21/slim">

  <leader>02231nam a22001937a 4500</leader>
  <datafield tag="999" ind1=" " ind2=" ">
    <subfield code="c">11873</subfield>
    <subfield code="d">11873</subfield>
  </datafield>
  <controlfield tag="008">210407b     2019      ||||| |||| 00| 0 eng d</controlfield>
  <datafield tag="020" ind1=" " ind2=" ">
    <subfield code="a">9781138045378</subfield>
  </datafield>
  <datafield tag="082" ind1=" " ind2=" ">
    <subfield code="a">343.41096</subfield>
    <subfield code="b">BAU</subfield>
  </datafield>
  <datafield tag="100" ind1=" " ind2=" ">
    <subfield code="a">Baughen, Simon</subfield>
  </datafield>
  <datafield tag="245" ind1=" " ind2=" ">
    <subfield code="a">Shipping law</subfield>
  </datafield>
  <datafield tag="250" ind1=" " ind2=" ">
    <subfield code="a">7th</subfield>
  </datafield>
  <datafield tag="260" ind1=" " ind2=" ">
    <subfield code="a">London</subfield>
    <subfield code="b">Routledge Taylor &amp; Francis Group</subfield>
    <subfield code="c">2019</subfield>
  </datafield>
  <datafield tag="300" ind1=" " ind2=" ">
    <subfield code="a">lxxix, 450p.</subfield>
  </datafield>
  <datafield tag="504" ind1=" " ind2=" ">
    <subfield code="a">Preface to the Seventh Edition
Acknowledgments
Table of Cases
Table of Statutes
Table of Statutory Instruments and Rules of Civil Procedure
Table of International Conventions
Abbreviations
Glossary
PART 1 DRY SHIPPING
1. The Commercial Background
2. Title to Sue
3. Proving Loss or Damage in Transit
4.The Terms of the Bill of Lading Contract
5. Statutory Terms of the Bill of Lading Contract
6. The Future? The Hamburg Rules and the Rotterdam Rules
7. Combined Transport
8. Carriage by Road &#x2013; the CMR
9. Charterparties
10. Voyage Charterparties &#x2013; Payment of Freight
11. Voyage Charters &#x2013; Laytime and Demurrage
12. Time Charters
13. Damages and Frustration
PART 2 - WET SHIPPING
14. Collisions
15. Salvage
16. General Average
17. Marine Pollution
PART 3 - JURISDICTION, CHOICE OF LAW, SECURITY, AND LIMITATION
18. Jurisdiction, Arbitration, and Applicable Law
19. Security and Interim Relief
20. Limitation of Liability
Index</subfield>
  </datafield>
  <datafield tag="520" ind1=" " ind2=" ">
    <subfield code="a">In this well-established textbook, Simon Baughen expertly covers the whole spectrum of English shipping law, placing the highly specialized rules of shipping in a commercial context and relating them to the general principles of contract and tort law. The book&#x2019;s accessible narrative and a useful glossary of key terms will especially benefit students new to shipping law or from non-law backgrounds. In-depth commentary on judicial decisions and well-balanced coverage and analysis of recent and key cases, such as The Longchamp, Spar Shipping v Grand China Logistics, The Maersk Tangier, provides an up-to-date reference for all students on Shipping Law courses. The comprehensive overview of topics also ensures that the book is ably suited to course use</subfield>
  </datafield>
  <datafield tag="650" ind1=" " ind2=" ">
    <subfield code="a">Dry Shipping</subfield>
  </datafield>
  <datafield tag="700" ind1=" " ind2=" ">
    <subfield code="a">Wet Shipping</subfield>
    <subfield code="e">Jurisdiction, choice of law, security and limitation</subfield>
  </datafield>
  <datafield tag="942" ind1=" " ind2=" ">
    <subfield code="c">BK</subfield>
  </datafield>
  <datafield tag="952" ind1=" " ind2=" ">
    <subfield code="0">0</subfield>
    <subfield code="1">0</subfield>
    <subfield code="2">ddc</subfield>
    <subfield code="4">0</subfield>
    <subfield code="6">343_410960000000000_BAU</subfield>
    <subfield code="7">0</subfield>
    <subfield code="8">NFIC</subfield>
    <subfield code="9">14224</subfield>
    <subfield code="a">MU</subfield>
    <subfield code="b">MU</subfield>
    <subfield code="c">GEN</subfield>
    <subfield code="d">2021-04-07</subfield>
    <subfield code="o">343.41096 BAU</subfield>
    <subfield code="p">MPC6247</subfield>
    <subfield code="r">2025-03-17</subfield>
    <subfield code="y">BK</subfield>
    <subfield code="z">Column - 19</subfield>
  </datafield>
  <datafield tag="952" ind1=" " ind2=" ">
    <subfield code="0">0</subfield>
    <subfield code="1">0</subfield>
    <subfield code="2">ddc</subfield>
    <subfield code="4">0</subfield>
    <subfield code="6">343_410960000000000_BAU</subfield>
    <subfield code="7">0</subfield>
    <subfield code="8">NFIC</subfield>
    <subfield code="9">14225</subfield>
    <subfield code="a">MU</subfield>
    <subfield code="b">MU</subfield>
    <subfield code="c">GEN</subfield>
    <subfield code="d">2021-04-07</subfield>
    <subfield code="l">2</subfield>
    <subfield code="o">343.41096 BAU</subfield>
    <subfield code="p">MPC6248</subfield>
    <subfield code="r">2025-03-17</subfield>
    <subfield code="s">2025-01-20</subfield>
    <subfield code="y">BK</subfield>
    <subfield code="z">Column - 19</subfield>
  </datafield>
</record>
